00978nam a2200217 a 450000100060000000300090000600800410001504000280005608200180008410000350010224500700013726000270020730000100023450501760024459000610042065000470048165000500052894200120057899900170059095201530060715562CO-ViMGA141112s2004 ck r 000 u spa d aCO-ViMGAbspacCO-ViMGA04a352.086 C173f1 aCardenas Rivera, Miguel92250110aFacetas de la primera elección de Alcaldes : bMarzo 13 de 1988 aBogotá, cIsmac 1988 a70.p. aNaturaleza y alcance de la elección popular de Alcaldes Las violencias y el manejo de la crisis social Las facetas del 13 de Marzo El resultado actual y las perspectivas aForma de adquisición : Donación - - Precio : 10.00014aADMINISTRACION MUNICIPAL - COLOMBIA92250214aALCALDES - ELECCION POPULAR - HISTORIA922503 2ddccBK c25785d25785 01102ddc44708003aMEVIECARbMEVIECARd2015-12-04hVolumen. 1 | 11/jun/2009l0o352.086 C173f p15562r2015-12-04 00:00:00tEj. 1w2015-12-04yBK